[Event "DEM U16 2025"]
[Site "Willingen GER"]
[Date "2025.06.08"]
[Round "1"]
[White "Nuñez Grégoire, Daniel"]
[Black "Bangert, Jonas"]
[Result "1-0"]
[Termination "normal"]
[Board "10"]
[WhiteElo "2167"]
[BlackElo "1969"]
[WhiteClock "00:18:44"]
[BlackClock "00:00:46"]
[PlyCount "107"]
[WhiteFideId "34627103"]
[BlackFideId "16289650"]
[EventCountry "GER"]
[EventRounds "9"]
[EventType "swiss"]
[EventDate "2025.06.07"]

1. d4 {[%clk 01:30:59]} Nf6 {[%clk 01:30:54]} {[%emt 00:00:07]} 2. c4 {[%clk
01:31:25]} {[%emt 00:00:04]} e6 {[%clk 01:31:19]} {[%emt 00:00:05]} 3. Nf3
{[%clk 01:31:52]} {[%emt 00:00:04]} b6 {[%clk 01:31:41]} {[%emt 00:00:07]} 4.
Nc3 {[%clk 01:31:37]} {[%emt 00:00:43]} Bb4 {[%clk 01:31:39]} {[%emt 00:00:34]}
5. Qc2 {[%clk 01:30:26]} {[%emt 00:01:41]} Bb7 {[%clk 01:31:34]} {[%emt
00:00:35]} 6. a3 {[%clk 01:29:51]} {[%emt 00:01:04]} Bxc3+ {[%clk 01:31:49]}
{[%emt 00:00:15]} 7. Qxc3 {[%clk 01:30:04]} {[%emt 00:00:15]} O-O {[%clk
01:30:58]} {[%emt 00:01:24]} 8. g3 {[%clk 01:27:44]} {[%emt 00:02:49]} d6
{[%clk 01:29:14]} {[%emt 00:02:15]} 9. Bg2 {[%clk 01:27:04]} {[%emt 00:01:09]}
Nbd7 {[%clk 01:28:16]} {[%emt 00:01:29]} 10. O-O {[%clk 01:26:30]} {[%emt
00:01:04]} Qe7 {[%clk 01:26:42]} {[%emt 00:02:04]} 11. b4 {[%clk 01:24:30]}
{[%emt 00:02:29]} c5 {[%clk 01:21:41]} {[%emt 00:05:31]} 12. Bb2 {[%clk
01:20:50]} {[%emt 00:04:10]} Rfc8 {[%clk 01:09:24]} {[%emt 00:12:48]} 13. Rac1
{[%clk 01:15:18]} {[%emt 00:06:02]} a6 {[%clk 00:56:38]} {[%emt 00:13:16]} 14.
Rfd1 {[%clk 00:53:12]} {[%emt 00:22:35]} b5 {[%clk 00:41:17]} {[%emt 00:15:51]}
15. dxc5 {[%clk 00:47:30]} {[%emt 00:06:12]} dxc5 {[%clk 00:40:34]} {[%emt
00:01:14]} 16. bxc5 {[%clk 00:45:51]} {[%emt 00:02:08]} Rxc5 {[%clk 00:38:24]}
{[%emt 00:02:40]} 17. Qb4 {[%clk 00:44:47]} {[%emt 00:01:34]} a5 {[%clk
00:36:30]} {[%emt 00:02:25]} 18. Qb3 {[%clk 00:44:30]} {[%emt 00:00:47]} Rb8
{[%clk 00:28:07]} {[%emt 00:08:53]} 19. Bd4 {[%clk 00:38:17]} {[%emt 00:06:42]}
Rxc4 {[%clk 00:20:56]} {[%emt 00:07:42]} 20. Rxc4 {[%clk 00:36:52]} {[%emt
00:01:54]} bxc4 {[%clk 00:21:10]} {[%emt 00:00:17]} 21. Qxc4 {[%clk 00:36:17]}
{[%emt 00:01:05]} Bd5 {[%clk 00:12:58]} {[%emt 00:08:41]} 22. Qc7 {[%clk
00:34:16]} {[%emt 00:02:31]} Qd8 {[%clk 00:10:28]} {[%emt 00:03:01]} 23. Qxd8+
{[%clk 00:30:08]} {[%emt 00:04:37]} Rxd8 {[%clk 00:10:52]} {[%emt 00:00:06]}
24. Rb1 {[%clk 00:29:25]} {[%emt 00:01:13]} Rb8 {[%clk 00:07:39]} {[%emt
00:03:43]} 25. Rxb8+ {[%clk 00:28:42]} {[%emt 00:01:13]} Nxb8 {[%clk 00:08:07]}
{[%emt 00:00:02]} 26. Ne5 {[%clk 00:27:23]} {[%emt 00:01:47]} Kf8 {[%clk
00:01:47]} {[%emt 00:06:51]} 27. Bc3 {[%clk 00:17:42]} {[%emt 00:10:11]} a4
{[%clk 00:01:55]} {[%emt 00:00:22]} 28. Nd3 {[%clk 00:14:52]} {[%emt 00:03:19]}
Bxg2 {[%clk 00:01:15]} {[%emt 00:01:11]} 29. Kxg2 {[%clk 00:14:20]} {[%emt
00:01:02]} Nd5 {[%clk 00:01:39]} {[%emt 00:00:06]} 30. Bd4 {[%clk 00:13:12]}
{[%emt 00:01:38]} Nd7 {[%clk 00:01:01]} {[%emt 00:01:09]} 31. Kf3 {[%clk
00:11:45]} {[%emt 00:01:56]} g6 {[%clk 00:00:50]} {[%emt 00:00:42]} 32. Nc5
{[%clk 00:07:17]} {[%emt 00:04:58]} Nxc5 {[%clk 00:00:43]} {[%emt 00:00:37]}
33. Bxc5+ {[%clk 00:07:44]} {[%emt 00:00:02]} Ke8 {[%clk 00:01:07]} {[%emt
00:00:06]} 34. e4 {[%clk 00:07:09]} {[%emt 00:01:05]} Nf6 {[%clk 00:00:38]}
{[%emt 00:01:00]} 35. Bd4 {[%clk 00:06:57]} {[%emt 00:00:42]} Ng8 {[%clk
00:00:34]} {[%emt 00:00:34]} 36. Ke3 {[%clk 00:06:59]} {[%emt 00:00:27]} Kd7
{[%clk 00:00:47]} {[%emt 00:00:18]} 37. Kd3 {[%clk 00:07:10]} {[%emt 00:00:18]}
Kd6 {[%clk 00:00:41]} {[%emt 00:00:37]} 38. Kc4 {[%clk 00:07:16]} {[%emt
00:00:24]} e5 {[%clk 00:00:52]} {[%emt 00:00:19]} 39. Bc3 {[%clk 00:07:08]}
{[%emt 00:00:38]} f5 {[%clk 00:01:12]} {[%emt 00:00:10]} 40. exf5 {[%clk
00:03:50]} {[%emt 00:03:47]} gxf5 {[%clk 00:01:37]} {[%emt 00:00:05]} 41. Kb5
{[%clk 00:03:31]} {[%emt 00:00:48]} Kd5 {[%clk 00:24:59]} {[%emt 00:07:09]} 42.
Kxa4 {[%clk 00:33:12]} {[%emt 00:00:48]} Nf6 {[%clk 00:20:15]} {[%emt
00:05:13]} 43. Kb4 {[%clk 00:26:54]} {[%emt 00:06:48]} Ng4 {[%clk 00:16:32]}
{[%emt 00:04:14]} 44. Be1 {[%clk 00:23:46]} {[%emt 00:03:38]} Nxh2 {[%clk
00:14:30]} {[%emt 00:02:32]} 45. Kb5 {[%clk 00:22:32]} {[%emt 00:01:44]} Nf3
{[%clk 00:06:38]} {[%emt 00:08:22]} 46. Bb4 {[%clk 00:22:12]} {[%emt 00:00:50]}
h5 {[%clk 00:01:27]} {[%emt 00:05:41]} 47. a4 {[%clk 00:21:06]} {[%emt
00:01:36]} f4 {[%clk 00:00:48]} {[%emt 00:01:10]} 48. a5 {[%clk 00:20:34]}
{[%emt 00:01:02]} Nd4+ {[%clk 00:01:04]} {[%emt 00:00:13]} 49. Kb6 {[%clk
00:19:55]} {[%emt 00:01:09]} Nc6 {[%clk 00:00:47]} {[%emt 00:00:47]} 50. a6
{[%clk 00:19:46]} {[%emt 00:00:38]} fxg3 {[%clk 00:00:42]} {[%emt 00:00:35]}
51. fxg3 {[%clk 00:19:15]} {[%emt 00:01:01]} e4 {[%clk 00:00:40]} {[%emt
00:00:33]} 52. Bc5 {[%clk 00:18:29]} {[%emt 00:01:16]} Ne5 {[%clk 00:00:34]}
{[%emt 00:00:36]} 53. a7 {[%clk 00:18:33]} {[%emt 00:00:25]} Nd7+ {[%clk
00:00:46]} {[%emt 00:00:19]} 54. Kb5 {[%clk 00:18:44]} {[%emt 00:00:19]} 1-0

[Event "DEM U16 2025"]
[Site "Willingen GER"]
[Date "2025.06.08"]
[Round "1"]
[White "Zomartova, Ilya"]
[Black "Skembris, Simon Max"]
[Result "1-0"]
[Termination "normal"]
[Board "11"]
[BlackTitle "CM"]
[WhiteElo "1962"]
[BlackElo "2199"]
[WhiteClock "00:13:44"]
[BlackClock "00:06:25"]
[PlyCount "71"]
[WhiteFideId "13630946"]
[BlackFideId "16281381"]
[EventCountry "GER"]
[EventRounds "9"]
[EventType "swiss"]
[EventDate "2025.06.07"]

1. d4 {[%clk 01:30:57]} {[%emt 00:00:02]} Nf6 {[%clk 01:30:54]} {[%emt
00:00:07]} 2. c4 {[%clk 01:31:22]} {[%emt 00:00:05]} e6 {[%clk 01:31:20]}
{[%emt 00:00:04]} 3. Nf3 {[%clk 01:31:40]} {[%emt 00:00:11]} Bb4+ {[%clk
01:31:44]} {[%emt 00:00:07]} 4. Nbd2 {[%clk 01:31:40]} {[%emt 00:00:30]} d5
{[%clk 01:32:04]} {[%emt 00:00:09]} 5. Qa4+ {[%clk 01:31:50]} {[%emt 00:00:19]}
Nc6 {[%clk 01:32:26]} {[%emt 00:00:09]} 6. a3 {[%clk 01:32:11]} {[%emt
00:00:09]} Be7 {[%clk 01:31:11]} {[%emt 00:01:45]} 7. e3 {[%clk 01:31:46]}
{[%emt 00:00:55]} Bd7 {[%clk 01:28:53]} {[%emt 00:02:48]} 8. Qc2 {[%clk
01:31:36]} {[%emt 00:00:39]} a5 {[%clk 01:28:38]} {[%emt 00:00:46]} 9. b3
{[%clk 01:30:26]} {[%emt 00:01:40]} O-O {[%clk 01:26:55]} {[%emt 00:02:14]} 10.
Bd3 {[%clk 01:30:03]} {[%emt 00:00:52]} h6 {[%clk 01:22:44]} {[%emt 00:04:42]}
11. O-O {[%clk 01:29:18]} {[%emt 00:01:12]} Re8 {[%clk 01:20:16]} {[%emt
00:03:00]} 12. Bb2 {[%clk 01:25:06]} {[%emt 00:04:43]} Bd6 {[%clk 01:06:56]}
{[%emt 00:13:50]} 13. Ne5 {[%clk 01:18:45]} {[%emt 00:06:50]} a4 {[%clk
00:58:26]} {[%emt 00:09:01]} 14. b4 {[%clk 01:17:48]} {[%emt 00:01:26]} Bxe5
{[%clk 00:55:27]} {[%emt 00:03:30]} 15. dxe5 {[%clk 01:18:05]} {[%emt
00:00:13]} dxc4 {[%clk 00:55:05]} {[%emt 00:00:52]} 16. Bxc4 {[%clk 01:12:06]}
{[%emt 00:06:29]} Nd5 {[%clk 00:53:33]} {[%emt 00:02:02]} 17. Ne4 {[%clk
01:08:32]} {[%emt 00:04:03]} Qh4 {[%clk 00:48:17]} {[%emt 00:05:47]} 18. Ba2
{[%clk 00:57:58]} {[%emt 00:11:03]} Nce7 {[%clk 00:44:52]} {[%emt 00:03:55]}
19. Ng3 {[%clk 00:42:45]} {[%emt 00:15:42]} Bc6 {[%clk 00:42:12]} {[%emt
00:03:11]} 20. Rad1 {[%clk 00:41:02]} {[%emt 00:02:13]} Ng6 {[%clk 00:36:10]}
{[%emt 00:06:31]} 21. Bb1 {[%clk 00:37:20]} {[%emt 00:04:13]} Rad8 {[%clk
00:27:30]} {[%emt 00:09:10]} 22. Rd4 {[%clk 00:33:00]} {[%emt 00:04:50]} Qg5
{[%clk 00:25:32]} {[%emt 00:02:28]} 23. f4 {[%clk 00:32:35]} {[%emt 00:00:55]}
Qe7 {[%clk 00:23:18]} {[%emt 00:02:44]} 24. Qe2 {[%clk 00:30:38]} {[%emt
00:02:25]} Nb6 {[%clk 00:21:15]} {[%emt 00:02:35]} 25. Qh5 {[%clk 00:27:48]}
{[%emt 00:03:19]} Rxd4 {[%clk 00:18:57]} {[%emt 00:02:49]} 26. Bxd4 {[%clk
00:27:58]} {[%emt 00:00:19]} Rd8 {[%clk 00:14:42]} {[%emt 00:04:45]} 27. Bxg6
{[%clk 00:25:52]} {[%emt 00:02:36]} fxg6 {[%clk 00:15:09]} {[%emt 00:00:03]}
28. Qxg6 {[%clk 00:26:07]} {[%emt 00:00:15]} Nc4 {[%clk 00:11:41]} {[%emt
00:03:59]} 29. Qd3 {[%clk 00:14:45]} {[%emt 00:11:51]} Bb5 {[%clk 00:09:00]}
{[%emt 00:03:11]} 30. Rc1 {[%clk 00:14:36]} {[%emt 00:00:38]} Qd7 {[%clk
00:08:47]} {[%emt 00:00:44]} 31. Qg6 {[%clk 00:13:10]} {[%emt 00:01:56]} Nxa3
{[%clk 00:06:10]} {[%emt 00:03:08]} 32. Nh5 {[%clk 00:13:20]} {[%emt 00:00:18]}
Qf7 {[%clk 00:05:44]} {[%emt 00:00:57]} 33. Nf6+ {[%clk 00:13:01]} {[%emt
00:00:49]} Kf8 {[%clk 00:05:59]} {[%emt 00:00:15]} 34. Bc5+ {[%clk 00:13:20]}
{[%emt 00:00:10]} Rd6 {[%clk 00:06:10]} {[%emt 00:00:20]} 35. Bxd6+ {[%clk
00:13:24]} {[%emt 00:00:26]} cxd6 {[%clk 00:06:25]} {[%emt 00:00:15]} 36. Rc8+
{[%clk 00:13:44]} {[%emt 00:00:09]} 1-0

[Event "DEM U16 2025"]
[Site "Willingen GER"]
[Date "2025.06.08"]
[Round "1"]
[White "Helms, Finn"]
[Black "Rose, Simeon"]
[Result "1/2-1/2"]
[Termination "normal"]
[Board "12"]
[WhiteElo "2153"]
[BlackElo "1864"]
[WhiteClock "00:01:14"]
[BlackClock "00:07:00"]
[PlyCount "70"]
[WhiteFideId "16249143"]
[BlackFideId "34625062"]
[EventCountry "GER"]
[EventRounds "9"]
[EventType "swiss"]
[EventDate "2025.06.07"]

1. e4 {[%clk 01:30:58]} {[%emt 00:00:01]} e5 {[%clk 01:30:55]} {[%emt
00:00:06]} 2. Nf3 {[%clk 01:30:57]} {[%emt 00:00:31]} Nc6 {[%clk 01:31:19]}
{[%emt 00:00:06]} 3. Bc4 {[%clk 01:31:01]} {[%emt 00:00:25]} Bc5 {[%clk
01:31:39]} {[%emt 00:00:11]} 4. O-O {[%clk 01:31:09]} {[%emt 00:00:22]} d6
{[%clk 01:31:54]} {[%emt 00:00:15]} 5. c3 {[%clk 01:30:55]} {[%emt 00:00:43]}
Bg4 {[%clk 01:31:47]} {[%emt 00:00:37]} 6. h3 {[%clk 01:28:42]} {[%emt
00:02:43]} Bh5 {[%clk 01:32:12]} {[%emt 00:00:05]} 7. d3 {[%clk 01:27:23]}
{[%emt 00:01:49]} a6 {[%clk 01:22:30]} {[%emt 00:10:13]} 8. a4 {[%clk
01:24:24]} {[%emt 00:03:28]} Nge7 {[%clk 01:18:27]} {[%emt 00:04:34]} 9. Re1
{[%clk 01:16:36]} {[%emt 00:08:17]} O-O {[%clk 01:16:04]} {[%emt 00:02:53]} 10.
Nbd2 {[%clk 01:10:38]} {[%emt 00:06:27]} Kh8 {[%clk 01:12:48]} {[%emt
00:03:47]} 11. g4 {[%clk 00:56:11]} {[%emt 00:14:58]} Bg6 {[%clk 01:11:55]}
{[%emt 00:01:23]} 12. Nf1 {[%clk 00:55:41]} {[%emt 00:01:00]} d5 {[%clk
00:55:11]} {[%emt 00:17:15]} 13. exd5 {[%clk 00:51:23]} {[%emt 00:04:46]} Nxd5
{[%clk 00:55:21]} {[%emt 00:00:20]} 14. Nxe5 {[%clk 00:50:28]} {[%emt
00:01:24]} Nxe5 {[%clk 00:55:44]} {[%emt 00:00:08]} 15. Rxe5 {[%clk 00:50:27]}
{[%emt 00:00:31]} Bxf2+ {[%clk 00:44:05]} {[%emt 00:12:09]} 16. Kxf2 {[%clk
00:49:26]} {[%emt 00:01:31]} Qf6+ {[%clk 00:44:04]} {[%emt 00:00:31]} 17. Qf3
{[%clk 00:47:18]} {[%emt 00:02:37]} Qxe5 {[%clk 00:43:25]} {[%emt 00:01:10]}
18. Qxd5 {[%clk 00:40:45]} {[%emt 00:07:03]} Qf6+ {[%clk 00:41:15]} {[%emt
00:02:40]} 19. Kg2 {[%clk 00:38:02]} {[%emt 00:03:13]} Rad8 {[%clk 00:29:55]}
{[%emt 00:11:51]} 20. Bg5 {[%clk 00:35:39]} {[%emt 00:02:52]} Qb6 {[%clk
00:20:52]} {[%emt 00:09:33]} 21. Bxd8 {[%clk 00:26:56]} {[%emt 00:09:13]} Qxb2+
{[%clk 00:21:08]} {[%emt 00:00:13]} 22. Kg1 {[%clk 00:26:37]} {[%emt 00:00:50]}
Qxa1 {[%clk 00:21:20]} {[%emt 00:00:19]} 23. Be7 {[%clk 00:15:56]} {[%emt
00:11:10]} Rg8 {[%clk 00:19:57]} {[%emt 00:01:53]} 24. h4 {[%clk 00:08:50]}
{[%emt 00:07:36]} Qd1 {[%clk 00:17:40]} {[%emt 00:02:46]} 25. Qd7 {[%clk
00:03:26]} {[%emt 00:05:55]} h5 {[%clk 00:16:21]} {[%emt 00:01:50]} 26. g5
{[%clk 00:02:43]} {[%emt 00:01:13]} Qe1 {[%clk 00:16:07]} {[%emt 00:00:43]} 27.
Qxc7 {[%clk 00:02:42]} {[%emt 00:00:32]} Qxc3 {[%clk 00:15:08]} {[%emt
00:01:28]} 28. Bc5 {[%clk 00:01:22]} {[%emt 00:01:51]} Qe1 {[%clk 00:12:17]}
{[%emt 00:03:20]} 29. Qf4 {[%clk 00:01:24]} {[%emt 00:00:29]} Rd8 {[%clk
00:08:21]} {[%emt 00:04:27]} 30. d4 {[%clk 00:00:51]} {[%emt 00:01:03]} Qd1
{[%clk 00:06:48]} {[%emt 00:02:01]} 31. Bxf7 {[%clk 00:00:47]} {[%emt
00:00:37]} Bxf7 {[%clk 00:06:50]} {[%emt 00:00:27]} 32. Qxf7 {[%clk 00:01:14]}
{[%emt 00:00:03]} Qg4+ {[%clk 00:07:00]} {[%emt 00:00:19]} 33. Kh1 {[%emt
00:01:40]} Qxh4+ 34. Nh2 Qxg5 {[%emt 00:00:02]} 35. Qxb7 {[%emt 00:00:05]} Re8
{[%emt 00:00:40]} 1/2-1/2

[Event "DEM U16 2025"]
[Site "Willingen GER"]
[Date "2025.06.08"]
[Round "1"]
[White "Kaplan, Arne"]
[Black "Zobel, Christian"]
[Result "0-1"]
[Termination "normal"]
[Board "13"]
[BlackTitle "CM"]
[WhiteElo "1846"]
[BlackElo "2158"]
[WhiteClock "00:23:49"]
[BlackClock "00:40:18"]
[PlyCount "108"]
[WhiteFideId "34625194"]
[BlackFideId "16259068"]
[EventCountry "GER"]
[EventRounds "9"]
[EventType "swiss"]
[EventDate "2025.06.07"]

1. e4 {[%clk 01:30:53]} {[%emt 00:00:06]} c6 {[%clk 01:30:37]} {[%emt
00:00:24]} 2. d4 {[%clk 01:30:56]} {[%emt 00:00:27]} d5 {[%clk 01:31:02]}
{[%emt 00:00:06]} 3. Nc3 {[%clk 01:31:19]} {[%emt 00:00:06]} dxe4 {[%clk
01:31:25]} {[%emt 00:00:07]} 4. Nxe4 {[%clk 01:31:40]} {[%emt 00:00:09]} Nf6
{[%clk 01:31:48]} {[%emt 00:00:07]} 5. Nxf6+ {[%clk 01:31:53]} {[%emt
00:00:17]} exf6 {[%clk 01:32:15]} {[%emt 00:00:03]} 6. c3 {[%clk 01:31:42]}
{[%emt 00:00:41]} Bd6 {[%clk 01:32:31]} {[%emt 00:00:14]} 7. Bd3 {[%clk
01:31:47]} {[%emt 00:00:25]} O-O {[%clk 01:32:52]} 8. Qc2 {[%clk 01:32:09]}
{[%emt 00:00:17]} Re8+ {[%clk 01:33:04]} 9. Ne2 {[%clk 01:32:22]} {[%emt
00:00:34]} h5 {[%clk 01:32:49]} 10. O-O {[%clk 01:32:39]} {[%emt 00:00:57]} h4
{[%clk 01:31:58]} 11. Nf4 {[%clk 01:28:32]} {[%emt 00:05:59]} Nd7 {[%clk
01:29:31]} 12. Qd1 {[%clk 01:28:44]} {[%emt 00:03:14]} Nf8 {[%clk 01:28:49]}
13. Qh5 {[%clk 01:25:16]} {[%emt 00:05:10]} Bxf4 {[%clk 01:27:33]} 14. Bxf4
{[%clk 01:25:12]} {[%emt 00:02:20]} h3 {[%clk 01:27:45]} 15. gxh3 {[%emt
00:10:48]} Be6 {[%clk 01:25:23]} {[%emt 00:01:25]} 16. b3 {[%clk 01:08:33]}
{[%emt 00:08:37]} Qd7 {[%clk 01:24:00]} 17. Kg2 {[%clk 01:08:22]} {[%emt
00:02:34]} Ng6 {[%clk 01:22:15]} 18. Bg3 {[%clk 01:02:14]} {[%emt 00:08:52]} c5
{[%clk 01:20:01]} 19. f4 {[%clk 01:01:17]} {[%emt 00:04:12]} f5 {[%clk
01:18:29]} 20. Rad1 {[%clk 00:49:42]} {[%emt 00:14:06]} cxd4 {[%emt 00:06:54]}
21. c4 {[%clk 00:43:19]} {[%emt 00:01:48]} a5 {[%clk 01:07:22]} 22. a4 {[%clk
00:36:52]} {[%emt 00:17:15]} Qc6+ {[%clk 01:03:58]} 23. Kg1 {[%clk 00:36:52]}
Qc5 {[%clk 01:03:58]} 24. Qf3 {[%clk 00:36:52]} Rad8 {[%emt 00:22:04]} 25. Bc2
{[%clk 00:27:00]} {[%emt 00:06:07]} d3+ {[%clk 00:46:29]} {[%emt 00:06:40]} 26.
Bf2 Qc6 {[%emt 00:10:55]} 27. Rxd3 {[%emt 00:00:30]} Rxd3 {[%clk 00:46:39]}
{[%emt 00:00:19]} 28. Qxc6 {[%clk 00:16:53]} {[%emt 00:00:07]} bxc6 {[%clk
00:47:02]} {[%emt 00:00:07]} 29. Bxd3 {[%clk 00:17:18]} {[%emt 00:00:05]} Nxf4
{[%emt 00:00:51]} 30. Bc2 {[%clk 00:17:04]} {[%emt 00:00:03]} Nxh3+ {[%clk
00:45:41]} {[%emt 00:00:44]} 31. Kg2 {[%clk 00:17:32]} Nxf2 {[%clk 00:45:41]}
32. Rxf2 {[%clk 00:17:09]} g6 {[%emt 00:04:31]} 33. Rd2 {[%emt 00:06:28]} Kf8
{[%clk 00:39:51]} {[%emt 00:00:07]} 34. Rd6 {[%clk 00:14:45]} {[%emt 00:02:00]}
Rc8 {[%clk 00:38:02]} {[%emt 00:02:19]} 35. Bd1 {[%clk 00:12:33]} {[%emt
00:02:40]} Ke7 {[%clk 00:37:28]} {[%emt 00:01:06]} 36. c5 {[%clk 00:10:30]}
{[%emt 00:02:34]} Rb8 {[%clk 00:31:24]} {[%emt 00:06:33]} 37. Bf3 {[%clk
00:04:57]} {[%emt 00:06:02]} Rxb3 {[%clk 00:30:25]} {[%emt 00:01:29]} 38. Bxc6
{[%clk 00:05:03]} {[%emt 00:00:25]} Rc3 {[%clk 00:30:17]} {[%emt 00:00:38]} 39.
Bb5 {[%clk 00:05:25]} {[%emt 00:00:07]} Rxc5 {[%clk 00:30:40]} {[%emt
00:00:08]} 40. Ra6 {[%clk 00:05:48]} {[%emt 00:00:06]} Rc2+ {[%clk 00:24:57]}
{[%emt 00:06:14]} 41. Kg3 {[%clk 00:28:31]} {[%emt 00:07:46]} g5 {[%clk
00:54:40]} {[%emt 00:00:47]} 42. Rxa5 {[%clk 00:27:39]} {[%emt 00:01:23]} f4+
{[%clk 00:52:53]} {[%emt 00:02:17]} 43. Kf3 {[%clk 00:27:44]} {[%emt 00:00:24]}
f5 {[%clk 00:52:17]} {[%emt 00:01:07]} 44. Bd3 {[%clk 00:26:45]} {[%emt
00:01:29]} Rc3 {[%clk 00:51:18]} {[%emt 00:01:29]} 45. Ke2 {[%clk 00:27:04]}
{[%emt 00:00:10]} Kf6 {[%clk 00:51:15]} {[%emt 00:00:33]} 46. Ra6 {[%clk
00:26:16]} {[%emt 00:01:19]} g4 {[%clk 00:43:15]} {[%emt 00:08:30]} 47. a5
{[%clk 00:25:44]} {[%emt 00:01:02]} Ke5 {[%clk 00:42:56]} {[%emt 00:00:49]} 48.
Rb6 {[%clk 00:25:29]} {[%emt 00:00:45]} f3+ {[%clk 00:41:46]} {[%emt 00:01:39]}
49. Kd2 {[%clk 00:25:44]} {[%emt 00:00:15]} Ra3 {[%clk 00:42:07]} {[%emt
00:00:10]} 50. Rb5+ {[%clk 00:23:25]} {[%emt 00:02:49]} Kf4 {[%clk 00:41:56]}
{[%emt 00:00:40]} 51. Rb4+ {[%clk 00:23:49]} {[%emt 00:00:06]} Kg5 {[%clk
00:40:18]} 52. a6 {[%clk 00:23:49]} f2 {[%clk 00:40:18]} 53. Rb1 {[%clk
00:23:49]} Bc8 {[%clk 00:40:18]} 54. Ke2 {[%clk 00:23:49]} Rxd3 {[%clk
00:40:18]} 0-1

[Event "DEM U16 2025"]
[Site "Willingen GER"]
[Date "2025.06.08"]
[Round "1"]
[White "Marcziter, Alex"]
[Black "Khachaturyan, Konstantin"]
[Result "1-0"]
[Termination "normal"]
[Board "14"]
[WhiteElo "2102"]
[BlackElo "1800"]
[WhiteClock "00:20:37"]
[BlackClock "00:01:25"]
[PlyCount "73"]
[WhiteFideId "16258126"]
[BlackFideId "16239083"]
[EventCountry "GER"]
[EventRounds "9"]
[EventType "swiss"]
[EventDate "2025.06.07"]

1. Nf3 {[%clk 01:30:37]} {[%emt 00:00:22]} d5 {[%clk 01:30:52]} {[%emt
00:00:09]} 2. g3 {[%clk 01:30:13]} {[%emt 00:00:53]} Nf6 {[%clk 01:29:14]}
{[%emt 00:02:09]} 3. Bg2 {[%clk 01:29:09]} {[%emt 00:01:34]} Bf5 {[%clk
01:25:14]} {[%emt 00:04:31]} 4. O-O {[%clk 01:27:33]} {[%emt 00:02:04]} e6
{[%clk 01:25:25]} {[%emt 00:00:21]} 5. d3 {[%clk 01:26:17]} {[%emt 00:01:46]}
Be7 {[%clk 01:23:59]} {[%emt 00:01:55]} 6. Nbd2 {[%clk 01:24:36]} {[%emt
00:02:10]} O-O {[%clk 01:23:41]} {[%emt 00:00:50]} 7. Re1 {[%clk 01:16:00]}
{[%emt 00:09:04]} c5 {[%clk 01:14:18]} {[%emt 00:09:55]} 8. c3 {[%clk
01:10:39]} {[%emt 00:05:51]} Nc6 {[%clk 01:14:02]} {[%emt 00:00:46]} 9. Nh4
{[%clk 01:08:05]} {[%emt 00:03:03]} Bg6 {[%clk 01:10:00]} {[%emt 00:04:33]} 10.
Nxg6 {[%clk 01:06:28]} {[%emt 00:02:06]} hxg6 {[%clk 01:10:14]} {[%emt
00:00:16]} 11. e4 {[%clk 01:06:01]} {[%emt 00:00:57]} Qc7 {[%clk 01:02:15]}
{[%emt 00:08:30]} 12. f4 {[%clk 01:03:33]} {[%emt 00:02:57]} Rfd8 {[%clk
00:51:23]} {[%emt 00:11:22]} 13. e5 {[%clk 01:01:29]} {[%emt 00:02:34]} Nd7
{[%clk 00:51:06]} {[%emt 00:00:47]} 14. Nf3 {[%clk 01:00:42]} {[%emt 00:01:16]}
b5 {[%clk 00:47:19]} {[%emt 00:04:19]} 15. g4 {[%clk 00:58:24]} {[%emt
00:02:47]} c4 {[%clk 00:40:15]} {[%emt 00:07:35]} 16. d4 {[%clk 00:58:05]}
{[%emt 00:00:48]} b4 {[%clk 00:40:22]} {[%emt 00:00:23]} 17. Qc2 {[%clk
00:54:29]} {[%emt 00:04:06]} a5 {[%clk 00:28:37]} {[%emt 00:12:16]} 18. f5
{[%clk 00:53:57]} {[%emt 00:01:02]} Nf8 {[%clk 00:28:33]} {[%emt 00:00:34]} 19.
Ng5 {[%clk 00:52:13]} {[%emt 00:02:14]} Qd7 {[%clk 00:20:52]} {[%emt 00:08:11]}
20. Rf1 {[%clk 00:49:15]} {[%emt 00:03:26]} a4 {[%clk 00:14:46]} {[%emt
00:06:38]} 21. Nxf7 {[%clk 00:45:07]} {[%emt 00:04:38]} Rdb8 {[%clk 00:06:41]}
{[%emt 00:08:34]} 22. fxg6 {[%clk 00:43:33]} {[%emt 00:02:04]} b3 {[%clk
00:04:55]} {[%emt 00:02:16]} 23. Qb1 {[%clk 00:38:10]} {[%emt 00:05:53]} a3
{[%clk 00:04:27]} {[%emt 00:00:59]} 24. Rf3 {[%clk 00:37:58]} {[%emt 00:00:42]}
axb2 {[%clk 00:02:23]} {[%emt 00:02:34]} 25. Bxb2 {[%clk 00:37:18]} {[%emt
00:01:10]} Bh4 {[%clk 00:00:52]} {[%emt 00:02:01]} 26. Rh3 {[%clk 00:33:17]}
{[%emt 00:04:30]} Qe7 {[%clk 00:01:18]} {[%emt 00:00:04]} 27. g5 {[%clk
00:32:13]} {[%emt 00:01:34]} Nxg6 {[%clk 00:01:35]} {[%emt 00:00:13]} 28. Qxg6
{[%clk 00:24:27]} {[%emt 00:08:17]} Qxf7 {[%clk 00:02:03]} {[%emt 00:00:02]}
29. Qxf7+ {[%clk 00:24:11]} {[%emt 00:00:45]} Kxf7 {[%clk 00:02:31]} {[%emt
00:00:02]} 30. Rf1+ {[%clk 00:24:05]} {[%emt 00:00:36]} Kg6 {[%clk 00:01:48]}
{[%emt 00:01:14]} 31. Rxh4 {[%clk 00:22:46]} {[%emt 00:01:48]} bxa2 {[%clk
00:02:09]} {[%emt 00:00:10]} 32. Ba1 {[%clk 00:22:46]} {[%emt 00:00:28]} Rb1
{[%clk 00:01:22]} {[%emt 00:01:18]} 33. Rhf4 {[%clk 00:22:54]} {[%emt
00:00:22]} Rxf1+ {[%clk 00:01:19]} {[%emt 00:00:33]} 34. Rxf1 {[%clk 00:20:41]}
{[%emt 00:02:41]} Na5 {[%clk 00:01:48]} {[%emt 00:00:04]} 35. Bh3 {[%clk
00:20:27]} {[%emt 00:00:44]} Rb8 {[%clk 00:01:04]} {[%emt 00:01:14]} 36. Bxe6
{[%clk 00:20:37]} {[%emt 00:00:19]} Rb1 {[%clk 00:01:25]} {[%emt 00:00:10]} 37.
Bf5+ {[%emt 00:00:22]} 1-0